Đánh giá công tác quản trị tài nguyên nước mặt ở khu công nghiệp Trà Nóc 1 tại thành phố Cần Thơ : Luận văn tốt nghiệp Cao học. Chuyên ngành Quản lý tài nguyên và Môi trường

Đánh giá những mặt được và chưa được, sự phù hợp của các quy định pháp luật áp dụng trong công tác quản trị tài nguyên nước mặt tại khu công nghiệp Trà Nóc 1.

Zapisane w:
Opis bibliograficzny
1. autor: Vũ, Thị Thanh Giang
Format: Książka
Język:Undetermined
Wydane: Cần Thơ Trường Đại học Cần Thơ 2017
Hasła przedmiotowe:
Etykiety: Dodaj etykietę
Nie ma etykietki, Dołącz pierwszą etykiete!
Thư viện lưu trữ: Trung tâm Học liệu Trường Đại học Cần Thơ
LEADER 01154nam a2200205Ia 4500
001 CTU_224957
008 210402s9999 xx 000 0 und d
082 |a 333.911 
082 |b Gi106 
100 |a Vũ, Thị Thanh Giang 
245 0 |a Đánh giá công tác quản trị tài nguyên nước mặt ở khu công nghiệp Trà Nóc 1 tại thành phố Cần Thơ : 
245 0 |b Luận văn tốt nghiệp Cao học. Chuyên ngành Quản lý tài nguyên và Môi trường 
245 0 |c Vũ Thị Thanh Giang ; Văn Phạm Đăng Trí (Cán bộ hướng dẫn) 
260 |a Cần Thơ 
260 |b Trường Đại học Cần Thơ 
260 |c 2017 
520 |a Đánh giá những mặt được và chưa được, sự phù hợp của các quy định pháp luật áp dụng trong công tác quản trị tài nguyên nước mặt tại khu công nghiệp Trà Nóc 1. 
650 |a Water quality management,Quản lý chất lượng nước 
910 |b nthai 
980 |a Trung tâm Học liệu Trường Đại học Cần Thơ